00380nam a2200145Ia 4500008004100000020001500041041001200056082001600068100001400084245006600098260003000164300000800194650001600202700001600218221030s9999 xx 000 0 und d a8172247907 aEnglish a105.23bHur aB. Hurley 0aDoing Big Business on the Internetcby B. Hurley, P. Birkwood bJaico Pub.aMumbaic1999 a181 aBE Computer aP. Birkwood